| 000 | 00468nam a2200121 a 4500 | ||
|---|---|---|---|
| 008 | 120416s1981 xx |||||||||||||| || u | ||
| 050 | _aTD 655 Rai | ||
| 100 | _aHarremoes, Paul | ||
| 245 | 1 | 0 |
_aRainfall as the basis for urban run-off design and analysis _cedited by P. Harremoes |
| 260 | _c1981 | ||
| 350 | _a0.00 | ||
| 995 |
_D0.00 _FCBU-MAIN LIBRARY (Kitwe) _H1 _I35.00 _UAVAILABLE _ZMain Library Open Access Collection |
||
| 999 |
_c55576 _d55576 |
||